Państwa posiadające terytoria zamorskie/zależne - Statystyki

Ogólne statystyki
  • Ten quiz został rozwiązany 354 razy
  • Średni wynik to 7 z 8
Statystyki odpowiedzi
Przykład terytorium: Państwo: % Poprawnych
Angulia,Bermudy,Wyspa Man Wielka Brytania
98%
Wyspy Owcze,Grenlandia, Dania
97%
Reunion,Gwadelupa,Wallis i Futuna Francja
97%
Baker,Howland,Navassa Stany Zjednoczone
92%
Wyspy Kokosowe,Norfolk, Australia
87%
Svalbard,Wyspy Bouventa,Jan Mayen Norwegia
83%
Aruba,Saba,Sint Eustatius Holandia
80%
Niue,Tokelau,Wyspy Cooka Nowa Zelandia
79%
Nie znaleziono quizów pasujących do podanych kryteriów
Rozkład punktacji
Procent ludzi z każdym wynikiem
Percentyl według liczby udzielonych odpowiedzi
Twoja historia wyników
Nie rozwiązałeś tego quizu